Strojnásobnenie aktív počas desiatich rokov

Hrubé finančné aktíva od roku 2000 do roku 2010 v priemere na obyvateľa. Priemerný rast svetových aktív a úspor. Rozdielna rýchlosť v akumulácii majetku a rozdiely vo svetovom bohatstve. Správy Allianz Global Wealth Report.

Enregistré dans:
Détails bibliographiques
Auteur principal: Spiš, Jaroslav
Format: Chapitre de livre
Langue:slovaque
Sujets:
Tags: Ajouter un tag
Pas de tags, Soyez le premier à ajouter un tag!

MARC

LEADER 00000naa a2200000 4500
001 0143363
005 20231019092028.3
041 0 |a slo 
044 |a SK 
245 1 0 |a Strojnásobnenie aktív počas desiatich rokov  |c Jaroslav Spiš 
520 |a Hrubé finančné aktíva od roku 2000 do roku 2010 v priemere na obyvateľa. Priemerný rast svetových aktív a úspor. Rozdielna rýchlosť v akumulácii majetku a rozdiely vo svetovom bohatstve. Správy Allianz Global Wealth Report. 
610 2 0 |a svet 
610 2 0 |a obyvateľstvo 
610 2 0 |a financie 
610 2 0 |a trh finančný 
610 2 0 |a peňažníctvo 
610 2 0 |a bilancia finančná 
610 2 0 |a zdroje finančné 
610 2 0 |a riadenie finančné 
610 2 0 |a domácnosti 
610 2 0 |a aktíva 
610 2 0 |a pasíva 
610 2 0 |a majetok 
610 2 0 |a analýza finančná 
100 1 |a Spiš, Jaroslav